000 00626nam a2200241Ia 4500
003 OSt
005 20221007072750.0
006 a|||||r|||| 00| 0
007 ta
008 221006b |||||||| |||| 00| 0 eng d
024 _a3,466
037 _cTextual
040 _aFLL
_cFLL
_beng
041 _2eng
_aeng
082 _aZ3:33, J0
100 _aSalt Henry
_9691329
245 0 _aTreatise on the law if partnership
250 _a7th
260 _aLondon
_bSweet & Maxwell,limited U.K
_c1950
650 _aLaw of partnership
942 _hZ3:33, J0
_cTEXL
_2CC
999 _c1146926
_d1146926